La Mondialisation (Français ➔ Anglais) - Statistiques

Statistiques générales
  • Ce quiz a été pris 3 fois
  • Le résultat moyen est 5 sur 58
Statistiques - réponses
Hint Réponse % Correct
Cartel Cartel
100%
Marché mondial Global/worldwide market
50%
Holding Holding
50%
Pacte Pact
50%
Fermeture Shutdown
50%
Prise de contrôle Takeover
50%
Rachat Takeover / buyout
50%
Banque mondiale World Bank
50%
Crise mondiale World crisis
50%
Acquisition Acquisition
0%
Conscience / Prise de conscience Awareness
0%
Liens étroits Close links
0%
Conglomérat Conglomerate
0%
Consortium Consortium
0%
Barrières douanières Customs barriers
0%
Déréglementation Deregulation
0%
Libre-entreprise Free entreprise
0%
Libre-échange Free trade
0%
Zone franche Free zone
0%
Concentration / intégration Integration
0%
Fusion Merger
0%
Multinationale Multinational
0%
Commerce réciproque Mutual trade
0%
Sanctions Penalties
0%
Protectionnisme Protectionism
0%
Quotas Quotas
0%
Délocalisation Relocation
0%
Mesures de rétorsion Retaliation measures
0%
Forte baisse Slump
0%
Retombée Spin-off
0%
Rencontre au sommet Summit meeting
0%
La loi du plus fort Survival of the fittest
0%
Offre publique d'achat (OPA) Takeover bid
0%
Paradis fiscal Tax haven
0%
Fuseau horaire Time zone
0%
Tirer parti de To benefit from
0%
Violer un accord To break an agreement
0%
S'emparer de To capture
0%
Déréglementer To deregulate
0%
Vendre à pertes To dump
0%
Élargir To enlarge
0%
S'associer à To go into partnership with
0%
Harmoniser To harmonize
0%
Avoir le monopole de To have the monopoly of
0%
Fusionner To merge
0%
Trouver des capitaux To raise funds
0%
Ratifier un accord To ratify an agreement
0%
Délocaliser To relocate
0%
Exercer des représailles To retaliate (with)
0%
S'implanter To set up
0%
Maintenir To sustain
0%
Inonder le marché To swamp the market
0%
Barrière commerciale Trade barrier
0%
Négociations commerciales Trade talks
0%
Guerre commerciale Trade war
0%
Bloc commercial Trading bloc
0%
Mobilité des travailleurs Work mobility
0%
Économie mondiale World economy
0%
Aucun quiz correspondant
Distribution des résultats
% des personnes avec chaque résultat
Percentile par nombre de réponses
Votre historique - résultats
Vous n’avez pas pris ce quiz